000 00313nam a2200121 a 4500
005 20141022142006.0
008 100906s19uu xx 00 eng d
050 _aVCD
_bD54 2000_
245 _aReporters at War :
_bDying for the story.
260 _bDiscovery channel.
650 _amotion picture
942 _cAVM
999 _c276523
_d276523